Normal view
MARC view
Entry Topical Term
001 - CONTROL NUMBER
- control field: 53258
003 - CONTROL NUMBER IDENTIFIER
- control field: OSt
005 - DATE AND TIME OF LATEST TRANSACTION
- control field: 20160421163132.0
008 - FIXED-LENGTH DATA ELEMENTS
- fixed length control field: 160421|| aca||aabn | a|a d
040 ## - CATALOGING SOURCE
- Original cataloging agency: OSt
- Transcribing agency: OSt
150 ## - HEADING--TOPICAL TERM
- Topical term or geographic name entry element: Music
670 ## - SOURCE DATA FOUND
- Source citation: Work cat.: (OSt)11255: डॉ भारती शर्मा 53257, हिन्दुस्तानी संगीत में शुद्ध छायालग एवं संकीर्ण रागों की अवधारणा , 2005









